Introducción al conductismo contemporáneo (Registro nro. 10805)

000 -CABECERA
Campo de control de longitud fija 01135nam a22002897a 4500
003 - IDENTIFICADOR DEL NÚMERO DE CONTROL
Campo de control OSt
005 - FECHA Y HORA DE LA ÚLTIMA TRANSACCIÓN
Campo de control 20260327161604.0
008 - CÓDIGOS DE INFORMACIÓN DE LONGITUD FIJA
Campo de control de longitud fija 260327t2007 xxu||||| |||| 00| 0 spa d
020 ## - NÚMERO INTERNACIONAL NORMALIZADO PARA LIBROS (ISBN)
Número Internacional Normalizado para Libros (ISBN) 968247809X
040 ## - FUENTE DE LA CATALOGACIÓN
Centro catalogador de origen Unicoc
Lengua de catalogación spa
Centro que cataloga Bogotá (Dr. David Ordóñez Rueda) - Campus Norte
Centro modificador Bogotá (Dr. David Ordóñez Rueda) - Campus Norte
082 ## - NÚMERO DE LA CLASIFICACIÓN DECIMAL DEWEY
Número de clasificación 150.1943
100 ## - PUNTO DE ACCESO PRINCIPAL - NOMBRE DE PERSONA
9 (RLIN) 12851
Nombre de persona García Cadena, Cirilo Humberto
245 ## - MENCIÓN DE TÍTULO
Título Introducción al conductismo contemporáneo
Mención de responsabilidad etc. Cirilo Humberto García Cadena
250 ## - MENCIÓN DE EDICIÓN
Mención de edición 1 Ed.
260 ## - PUBLICATION, DISTRIBUTION, ETC. (IMPRINT)
Lugar de publicación distribución etc. México :
Nombre del editor distribuidor etc. Trillas ,
Fecha de publicación distribución etc. 2007.
300 ## - DESCRIPCIÓN FÍSICA
Extensión 39 páginas
Otras características físicas Ilustraciones
440 ## - MENCIÓN DE SERIE
9 (RLIN) 4757
Título Temas Básicos de Psicología
500 ## - NOTA GENERAL
Nota general Incluye glosario
505 ## - NOTA DE CONTENIDO CON FORMATO
Título Capítulo 1. Método y objeto de estudio. --
-- Capítulo 2. Clase de acción respondiente y clase de acción operante. --
526 ## - NOTA DE INFORMACIÓN SOBRE EL PROGRAMA DE ESTUDIO
Institución que aplica el campo Unicoc
546 ## - NOTA DE LENGUA
Nota de lengua Español
650 #0 - PUNTO DE ACCESO ADICIONAL DE MATERIA - TÉRMINO DE MATERIA
9 (RLIN) 7815
Término de materia o nombre geográfico como elemento inicial Conductismo (Psicología)
650 #0 - PUNTO DE ACCESO ADICIONAL DE MATERIA - TÉRMINO DE MATERIA
9 (RLIN) 10527
Término de materia o nombre geográfico como elemento inicial Psicopedagogía
658 #0 - TÉRMINO DE INDIZACIÓN - OBJETIVO CURRICULAR
9 (RLIN) 10741
Programa Académico Programa de Psicología
856 ## - LOCALIZACIÓN Y ACCESO ELECTRÓNICOS
Texto del enlace Acceso online exclusivo para comunidad Unicoc.
Identificador Uniforme del Recurso (URI) https://unicoceduco-my.sharepoint.com/:b:/g/personal/direccionbiblioteca_unicoc_edu_co/IQD4GRh8O3afT42xLMJ8wGorAQPCpCfLhUQjs5ZpO_rIpVk
942 ## - ENTRADA PARA ELEMENTOS AGREGADOS (KOHA)
Fuente de clasificación o esquema de ordenación en estanterías
Koha [por defecto] tipo de item Libro electrónico
Existencias
Fecha de adquisición Fecha del precio de reemplazo No para préstamo Fecha última consulta Fuente de clasificación o esquema de ordenación en estanterías Signatura completa Localización actual Localización permanente Código de colección Estropeado Precio Tipo de item de Koha Estado de pérdida Código de barras Fuente de adquisición
2026-03-272026-03-27 2026-03-27 150.1943Bogotá (Dr. David Ordóñez Rueda) - Campus NorteBogotá (Dr. David Ordóñez Rueda) - Campus NorteColeccion Online 200000.00Libro electrónico Ebook10805Compra

© 2014 UNICOC | Institución Universitaria Colegios de Colombia - UNICOC
Bogotá D.C. Autopista Norte Km. 20. Teléfono:(571)6683535
Cali: Calle 13 Norte No. 3N-13. Teléfono: (572)6608887

Con tecnología de Koha